| 000 | 00491nam a2200181Ia 4500 | ||
|---|---|---|---|
| 001 | 11904 | ||
| 005 | 20260306162902.0 | ||
| 008 | 260306t2020||||xx |||||||||||||| ||spa|| | ||
| 041 | _aESP | ||
| 082 |
_aHR 300 _bT. 49 N°3 2020 BULLETIN |
||
| 110 | _aInstitut Français d´Etudes Andines | ||
| 245 | 0 | _aBulletin de I´Institut Français d´Etudes Andines | |
| 260 | _c2020 | ||
| 300 |
_a345-530, xii páginas : _c24 cm. |
||
| 650 | _aGEN | ||
| 654 | _aCHU | ||
| 942 |
_cREV _dJUS _fJUS _2ddc _n |
||
| 999 |
_c11904 _d11904 |
||